Pro Team Foundation Service /

Pro Team Foundation Service gives you a jump-start into Microsoft's cloud-based ALM platform, taking you through the different stages of software development. Every project needs to plan, develop, test and release software and with agile practices often at a higher pace than ever before. Micros...

Full description

Bibliographic Details
Main Authors: Olausson, Mathias (Author), Rossberg, Joachim (Author), Ehn, Jakob (Author), Sköld, Mattias (Author)
Corporate Author: Safari, an O'Reilly Media Company
Format: eBook
Language:English
Published: Apress, 2013.
Edition:1st edition.
Subjects:
Online Access:Connect to this electronic resource

MARC

Tag First Indicator Second Indicator Subfields
LEADER 00000uam a2200000 a 4500
001 in00004262521
005 20260128152558.1
006 m o d
007 cr cn
008 010813s2013 xx o eng
020 |z 9781430259954 
020 |z 1430259957 
035 |a (CaSebORM)9781430259954 
040 |d UtOrBLW 
041 0 |a eng 
100 1 |a Olausson, Mathias,  |e author.  |0 http://id.loc.gov/authorities/names/no2014009773 
245 1 0 |a Pro Team Foundation Service /  |c Olausson, Mathias. 
250 |a 1st edition. 
264 1 |b Apress,  |c 2013. 
300 |a 1 online resource (404 pages) 
336 |a text  |b txt  |2 rdacontent 
337 |a computer  |b c  |2 rdamedia 
338 |a online resource  |b cr  |2 rdacarrier 
347 |a text file 
520 |a Pro Team Foundation Service gives you a jump-start into Microsoft's cloud-based ALM platform, taking you through the different stages of software development. Every project needs to plan, develop, test and release software and with agile practices often at a higher pace than ever before. Microsoft's Team Foundation Service is a cloud-based platform that gives you tools for agile planning and work tracking. It has a code repository that can be used not only from Visual Studio but from Java platforms and Mac OS X. The testing tools allow testers to start testing at the same time as developers start developing. The book also covers how to set up automated practices such as build, deploy and test workflows. This book: Takes you through the major stages in a software development project. Gives practical development guidance for the whole team. Enables you to quickly get started with modern development practices. With Microsoft Team Foundation Service comes a collaboration platform that gives you and your team the tools to better perform your tasks in a fully integrated way. What you'll learn What ALM is and what it can do for you. Leverage a cloud-based ALM platform for quick improvements in your development process. Improve your agile development process using integrated tools and practices. Develop automated build, deployment and testing processes. Integrate different development tools with one collaboration platform. Get started with ALM best-practices first time round. Who this book is for Pro Team Foundation Service is for any development team that wants to take their development practices to the next level. Microsoft Team Foundation Service is an excellent platform for managing the entire application development lifecycle and being a cloud-based offering it is very easy to get started. Pro Team Foundation Service is a great guide for anyone in a team who wants to get started with the service and wants to get expert guidance to do it right. 
533 |a Electronic reproduction.  |b Boston, MA :  |c Safari,  |n Available via World Wide Web.  |d 2013. 
538 |a Mode of access: World Wide Web. 
542 |f Copyright © 2013 by Dan Rahmel  |g 2013 
588 |a Online resource; Title from title page (viewed May 17, 2013) 
500 |a Electronic resource. 
655 7 |a Electronic books.  |2 local 
700 1 |a Rossberg, Joachim,  |e author. 
700 1 |a Ehn, Jakob,  |e author.  |0 http://id.loc.gov/authorities/names/nb2016000998 
700 1 |a Sköld, Mattias,  |e author.  |0 http://id.loc.gov/authorities/names/n2008053592 
710 2 |a Safari, an O'Reilly Media Company. 
856 4 0 |u https://proxy.library.tamu.edu/login?url=https://go.oreilly.com/TAMU/library/view/-/9781430259954/?ar  |z Connect to this electronic resource  |t 0 
999 f f |s 6a5932cf-2335-32de-bd55-1167f75f5c04  |i 8be60c59-e99f-344a-83ac-d3833de0baa1  |t 0 
952 f f |a Texas A&M University  |b College Station  |c Electronic Resources  |s www_evans  |d Available Online  |t 0  |h No information provided 
998 f f |t 0  |l Available Online